000 00334nam a22001457a 4500
008 210518b ||||| |||| 00| 0 eng d
020 _a9781879961098
041 _aeng
080 _a91
082 _a91
100 _a42
101 _aGJEO
245 _aSpeleogenesis Evolution of Karst Aquifers
_cKlimchouk,A.B
942 _2udc
_cBK
999 _c57425
_d57425